Európska bezpečnosť a obranná politika. Predpoklady a budúcnosť jej fungovania

Vznik Európskej bezpečnostnej a obrannej politiky /European Security and Defense Policy a jej vzťah k NATO. Úlohy ESDP.

Salvato in:
Dettagli Bibliografici
Autore principale: Tkáč, Richard
Natura: Capitolo di libro
Lingua:slovacco
Soggetti:
Tags: Aggiungi Tag
Nessun Tag, puoi essere il primo ad aggiungerne!!

MARC

LEADER 00000naa$a2200000$$$4500
001 0022603
005 20251210101743.4
041 0 |a slo 
044 |a SK 
245 1 0 |a Európska bezpečnosť a obranná politika. Predpoklady a budúcnosť jej fungovania  |c Richard Tkáč 
520 |a Vznik Európskej bezpečnostnej a obrannej politiky /European Security and Defense Policy a jej vzťah k NATO. Úlohy ESDP. 
610 2 0 |a Európa 
610 2 0 |a Európska únia 
610 2 0 |a politika bezpečnostná 
610 2 0 |a politika obranná 
610 2 0 |a NATO 
100 1 |a Tkáč, Richard